Giovanni's Pokemon - Statistics

General Stats
  • This quiz has been taken 7 times
  • The average score is 12 of 22
Answer Stats
He uses it in Answer % Correct
Kanto NIdoqueen
100%
Kanto Kangaskhan
83%
Kanto Nidoking
83%
Kanto Persian
83%
Kanto Rhydon
83%
Kanto Rhyhorn
83%
Unova Golem
67%
Unova Rhyperior
67%
Kanto Dugtrio
50%
Unova Marowak
50%
Alola Mewtwo
50%
Kanto Nidorino
50%
Kanto Onix
50%
Unova Sandslash
50%
Unova Garchomp
33%
Stadium Gengar
33%
Unova Gliscor
33%
Unova Hippowdon
33%
Johto Honchkrow
33%
Unova Krookodile
33%
Stadium Moltress
33%
Stadium Tauros
33%
No matching quizzes found
Score Distribution
Percent of People with Each Score
Percentile by Number Answered
Your Score History
You have not taken this quiz